Data communications and networking (Record no. 95)

MARC details
000 -LEADER
fixed length control field 00459 a2200169 4500
001 - CONTROL NUMBER
control field 002531
003 - CONTROL NUMBER IDENTIFIER
control field OSt
005 - DATE AND TIME OF LATEST TRANSACTION
control field 20220201124213.0
008 - FIXED-LENGTH DATA ELEMENTS--GENERAL INFORMATION
fixed length control field
082 ## - DEWEY DECIMAL CLASSIFICATION NUMBER
Classification number 004.6
Item number F74D
100 1# - MAIN ENTRY--PERSONAL NAME
Personal name Forouzan, Behrouz A.
245 1# - TITLE STATEMENT
Title Data communications and networking
Statement of responsibility, etc by Behrouz A. Forouzan
260 ## - PUBLICATION, DISTRIBUTION, ETC. (IMPRINT)
Place of publication, distribution, etc New Delhi
Name of publisher, distributor, etc McGraw Hill
Date of publication, distribution, etc 2010
300 ## - PHYSICAL DESCRIPTION
Extent 1134p.
653 ## - INDEX TERM--UNCONTROLLED
Uncontrolled term Computer networks; Data transmission systems
942 ## - ADDED ENTRY ELEMENTS (KOHA)
Source of classification or shelving scheme Dewey Decimal Classification
Koha item type Books
Holdings
Withdrawn status Lost status Damaged status Not for loan Collection code Home library Current library Date acquired Source of acquisition Cost, normal purchase price Total Checkouts Full call number Barcode Date last seen Date checked out Price effective from Koha item type
        General Text Book Central University Of Rajasthan Central University Of Rajasthan 07/03/2012 CSC 435.00 1 004.6 F74D 2524 21/11/2024 12/12/2023 02/09/2020 Books
        General Text Book Central University Of Rajasthan Central University Of Rajasthan 28/09/2010 CSC 435.00 1 004.6 F74D 2523 05/08/2025 21/07/2025 02/09/2020 Books